FIFA World Cup top goalscorers - Statistics

General Stats
  • This quiz has been taken 27 times
  • The average score is 6 of 13
Answer Stats
Goals Answer % Correct
15 Ronaldo
96%
16 Miroslav Klose
88%
14 Gerd Müller
85%
10 Thomas Müller
85%
12 Pelé
73%
13 Just Fontaine
46%
10 Gabriel Batistuta
23%
11 Jürgen Klinsmann
23%
10 Grzegorz Lato
15%
10 Gary Lineker
12%
11 Sándor Kocsis
12%
10 Teófilo Cubillas
4%
10 Helmut Rahn
0%
No matching quizzes found
Score Distribution
Percent of People with Each Score
Percentile by Number Answered
Your Score History
You have not taken this quiz